[Event "29th Czech Rapid G1 2018"]
[Site "Pardubice CZE"]
[Date "2018.07.18"]
[Round "2.3"]
[White "Dolezal, Radoslav1"]
[Black "Paravyan, David"]
[Result "0-1"]
[WhiteTitle "IM"]
[BlackTitle "GM"]
[WhiteElo "2368"]
[BlackElo "2638"]
[WhiteFideId "304735"]
[BlackFideId "4194985"]
[EventDate "2018.07.18"]

1. e4 c5 2. Nf3 d6 3. c3 Nf6 4. Bd3 g6 5. Bc2 Bg7 6. d4 O-O 7. h3 cxd4 8. cxd4
Nc6 9. Nc3 e5 10. dxe5 dxe5 11. O-O Be6 12. Ba4 Qa5 13. Bxc6 bxc6 14. Re1 Rab8
15. Qa4 Qc7 16. Qc2 c5 17. Be3 c4 18. Rad1 Qb7 19. Re2 Rfd8 20. Rxd8+ Rxd8 21.
Rd2 Rb8 22. Bc5 Bh6 23. Re2 Rd8 24. Qa4 Nd7 25. Be7 Nb6 26. Qb4 a5 27. Qxa5 Qxe7
28. Qxb6 Kg7 29. Nxe5 Rd6 30. Qb5 Qg5 31. Nf3 Rd1+ 32. Ne1 Qxb5 33. Nxb5 Bd2 34.
Kf1 c3 35. Nxc3 Bxc3 36. bxc3 Bc4 0-1

[Event "29th Czech Rapid G1 2018"]
[Site "Pardubice CZE"]
[Date "2018.07.18"]
[Round "2.5"]
[White "Zaitsev, Alexander"]
[Black "Plat, Vojtech"]
[Result "0-1"]
[WhiteTitle "GM"]
[BlackTitle "GM"]
[WhiteElo "2499"]
[BlackElo "2543"]
[WhiteFideId "4164490"]
[BlackFideId "325740"]
[EventDate "2018.07.18"]

1. e4 d6 2. d4 Nf6 3. Nc3 e5 4. Nf3 Nbd7 5. Bc4 Be7 6. O-O O-O 7. Re1 c6 8. a4
a5 9. h3 Nb6 10. Ba2 Nfd7 11. Be3 exd4 12. Qxd4 Nc5 13. Rad1 Be6 14. Bxe6 fxe6
15. e5 d5 16. Qg4 Nbd7 17. Bh6 Rf7 18. Nd4 Nf8 19. Nce2 Ng6 20. Bf4 Qd7 21. b3
Raf8 22. Bg3 Bd8 23. c4 Bb6 24. cxd5 cxd5 25. h4 Ne4 26. h5 Nxg3 27. hxg6 Nxe2+
28. Rxe2 hxg6 29. Qxe6 Qxe6 30. Nxe6 Rxf2 31. Rxf2 Rxf2 32. Kh2 Kf7 33. Ng5+ Ke7
34. Rxd5 Bc7 35. Nf3 Rb2 36. Rb5 b6 37. Kh3 Re2 38. g3 Re4 39. Kg2 Re3 40. Kf2
Rd3 41. Nh4 Kf7 42. Ng2 g5 43. Ne3 Ke6 44. Nc4 g4 45. Ne3 Bxe5 46. Nxg4 Bd4+ 47.
Kg2 Bc5 48. Nh2 Kd5 49. Nf3 Rc3 50. Ng5 Ke5 51. Nf3+ Kf5 52. Nh2 g5 53. Kh3 Ke4
54. Kg4 Rd3 55. b4 axb4 56. a5 Bd6 57. a6 Rxg3+ 58. Kh5 Rh3+ 59. Kg6 Rxh2 60.
Rxb6 Kd5 0-1

[Event "29th Czech Rapid G1 2018"]
[Site "Pardubice CZE"]
[Date "2018.07.18"]
[Round "2.8"]
[White "Sadhwani, Raunak"]
[Black "Schlosser, Philipp"]
[Result "1/2-1/2"]
[WhiteTitle "FM"]
[BlackTitle "GM"]
[WhiteElo "2409"]
[BlackElo "2501"]
[WhiteFideId "35093487"]
[BlackFideId "4600169"]
[EventDate "2018.07.18"]

1. e4 c5 2. Nf3 e6 3. d4 cxd4 4. Nxd4 a6 5. Bd3 Bc5 6. Nb3 Ba7 7. O-O Ne7 8. c4
O-O 9. Nc3 Nbc6 10. Qe2 d6 11. Be3 e5 12. Bxa7 Rxa7 13. Nd5 a5 14. a4 Be6 15.
Rfd1 Ng6 16. Qe3 Ra8 17. Bf1 Bxd5 18. cxd5 Nb4 19. Rac1 Kh8 20. g3 f5 21. exf5
Ne7 22. Bg2 Nxf5 23. Qe2 Qb6 24. Rc4 g6 25. Be4 Rf7 26. Bxf5 Rxf5 27. Nd2 Raf8
28. Ne4 Rf3 29. Kg2 Rb3 30. Rc3 Rxc3 31. bxc3 Na6 32. Qb5 Qc7 33. Rb1 Qf7 34.
Qe2 1/2-1/2

[Event "29th Czech Rapid G1 2018"]
[Site "Pardubice CZE"]
[Date "2018.07.18"]
[Round "2.10"]
[White "Shyam, Sundar M."]
[Black "Westerinen, Heikki M.J."]
[Result "1-0"]
[WhiteTitle "GM"]
[BlackTitle "GM"]
[WhiteElo "2527"]
[BlackElo "2310"]
[WhiteFideId "5019141"]
[BlackFideId "500020"]
[EventDate "2018.07.18"]

1. d4 d5 2. c4 dxc4 3. Nf3 a6 4. e3 b5 5. a4 Bb7 6. b3 e6 7. bxc4 bxc4 8. Bxc4
Nf6 9. O-O Nbd7 10. a5 Be7 11. Nbd2 O-O 12. Qe2 c5 13. Bb2 cxd4 14. Bxd4 Bc5 15.
Rfb1 Qc7 16. Rc1 Qd6 17. Rab1 Rfb8 18. Bd3 Bxd4 19. Nxd4 Qd5 20. Qf3 Qxa5 21.
Rxb7 Qxd2 22. Rxb8+ Rxb8 23. Rd1 Qc3 24. Bxa6 h6 25. h3 Nc5 26. Qc6 Nce4 27. Bd3
Qxc6 28. Nxc6 Rb2 29. Ra1 g6 30. f3 Nc5 31. Bc4 Nfd7 32. Ra5 Rc2 33. Bb5 Kg7 34.
Nd4 Rc1+ 35. Kh2 Kf6 36. Ra7 Ne5 37. Be8 g5 38. f4 gxf4 39. exf4 Ned7 40. Bxd7
Nxd7 41. Rxd7 Rd1 42. Rd8 Rf1 43. Nf3 Kf5 44. Kg3 h5 45. Rh8 Kg6 46. Ne5+ Kg7
47. Rxh5 f6 48. Nf3 Ra1 49. Rb5 Kg6 50. f5+ exf5 51. Nh4+ Kf7 52. Rxf5 Ke6 53.
Rf3 Ra5 54. Re3+ Kf7 55. Nf3 Kg6 56. h4 Ra4 57. Kh3 f5 58. Re6+ Kh5 59. Rf6 f4
60. Rf5+ Kg6 61. Kg4 Ra2 62. Rg5+ Kf6 63. Kxf4 Ra4+ 64. Kg3 1-0

[Event "29th Czech Rapid G1 2018"]
[Site "Pardubice CZE"]
[Date "2018.07.18"]
[Round "2.13"]
[White "Kulkarni, Chinmay"]
[Black "Mozharov, Mikhail"]
[Result "1-0"]
[BlackTitle "GM"]
[WhiteElo "2336"]
[BlackElo "2542"]
[WhiteFideId "5023513"]
[BlackFideId "4189825"]
[EventDate "2018.07.18"]

1. e4 c5 2. Nf3 Nc6 3. d4 cxd4 4. Nxd4 Nf6 5. Nc3 e5 6. Ndb5 d6 7. Bg5 a6 8. Na3
b5 9. Bxf6 gxf6 10. Nd5 f5 11. exf5 Bxf5 12. c3 Bg7 13. Nc2 O-O 14. Nce3 Be6 15.
g3 f5 16. Bg2 Rc8 17. Qh5 b4 18. O-O bxc3 19. bxc3 Ne7 20. Rad1 e4 21. c4 Nxd5
22. cxd5 Bd7 23. Rc1 Bc3 24. Rc2 Qf6 25. Rfc1 Ba4 26. Re2 Bb5 27. Bh3 Bxe2 28.
Qxe2 Qg5 29. Qxa6 f4 30. Be6+ Kh8 31. h4 Qg7 32. Nf5 Qc7 33. Bxc8 fxg3 34. Be6
gxf2+ 35. Kf1 Qc5 36. Qc6 1-0

[Event "29th Czech Rapid G1 2018"]
[Site "Pardubice CZE"]
[Date "2018.07.18"]
[Round "2.14"]
[White "Bryzgalin, Kirill"]
[Black "Meleshko, Vladimir"]
[Result "1-0"]
[WhiteTitle "GM"]
[BlackTitle "FM"]
[WhiteElo "2424"]
[BlackElo "2268"]
[WhiteFideId "4133285"]
[BlackFideId "14111055"]
[EventDate "2018.07.18"]

1. d4 Nf6 2. Nf3 e6 3. Bf4 Be7 4. Nbd2 Nh5 5. Bg3 d5 6. Be5 Nd7 7. e3 O-O 8. Bd3
Nxe5 9. dxe5 f5 10. c4 c5 11. Qc2 g6 12. h3 Ng7 13. Rd1 Qc7 14. O-O b6 15. b3
Bb7 16. Qb2 Rad8 17. Rfe1 Rd7 18. Be2 f4 19. cxd5 exd5 20. e4 Ne6 21. exd5 Bxd5
22. Bb5 Bc6 23. Bc4 Bd5 24. Qc2 Qc6 25. Ne4 Rfd8 26. Nd6 Nd4 27. Nxd4 cxd4 28.
Qe4 1-0

[Event "29th Czech Rapid G1 2018"]
[Site "Pardubice CZE"]
[Date "2018.07.18"]
[Round "2.15"]
[White "Becker, Dirk"]
[Black "Zwardon, Vojtech"]
[Result "0-1"]
[BlackTitle "IM"]
[WhiteElo "2265"]
[BlackElo "2424"]
[WhiteFideId "12938564"]
[BlackFideId "325511"]
[EventDate "2018.07.18"]

1. d4 Nf6 2. Bf4 c5 3. d5 Qb6 4. Nc3 Qxb2 5. Bd2 Qb6 6. e4 d6 7. f4 Bg4 8. Nf3
Nbd7 9. a4 g6 10. a5 Qc7 11. Bc4 Bg7 12. O-O O-O 13. h3 Bxf3 14. Qxf3 Rae8 15.
Qg3 a6 16. Kh1 Nh5 17. Qf3 e6 18. Rad1 Qxa5 19. Ne2 Qc7 20. Bc3 b5 21. Bxg7 Nxg7
22. Ba2 exd5 23. Bxd5 Nb6 24. Ng3 Ne6 25. f5 Nd4 26. Rxd4 cxd4 27. f6 Nxd5 28.
exd5 Qc3 29. Qg4 Re1 30. Rxe1 Qxe1+ 31. Kh2 Qe5 32. Qh4 Rc8 33. Qg4 Rc3 34. h4
h5 35. Qg5 Qxg5 36. hxg5 Re3 0-1

[Event "29th Czech Rapid G1 2018"]
[Site "Pardubice CZE"]
[Date "2018.07.18"]
[Round "2.16"]
[White "Belyakov, Bogdan"]
[Black "Kathmale, Sameer"]
[Result "0-1"]
[WhiteTitle "IM"]
[BlackTitle "IM"]
[WhiteElo "2489"]
[BlackElo "2323"]
[WhiteFideId "24104795"]
[BlackFideId "5024498"]
[EventDate "2018.07.18"]

1. e4 c6 2. d4 d5 3. Nc3 dxe4 4. Nxe4 Bf5 5. Ng3 Bg6 6. Bc4 e6 7. N1e2 Nf6 8.
O-O Bd6 9. f4 Bf5 10. Nxf5 exf5 11. Ng3 g6 12. Re1+ Kf8 13. b3 b5 14. Bf1 Bb4
15. Bb2 Bxe1 16. Qxe1 Nbd7 17. h3 Kg7 18. Nxf5+ gxf5 19. Qg3+ Kf8 20. Ba3+ c5
21. dxc5 Qa5 22. b4 Qa6 23. Bb2 Rg8 24. Qd3 Qe6 25. Rd1 Rg6 26. Kh1 Ne4 27. Qxd7
Ng3+ 28. Kg1 Qe3+ 29. Kh2 Nxf1+ 30. Kh1 Ng3+ 31. Kh2 Ne4 0-1

[Event "29th Czech Rapid G1 2018"]
[Site "Pardubice CZE"]
[Date "2018.07.18"]
[Round "2.17"]
[White "Chekletsov, Ilya"]
[Black "Sengupta, Deep"]
[Result "0-1"]
[WhiteTitle "IM"]
[BlackTitle "GM"]
[WhiteElo "2395"]
[BlackElo "2565"]
[WhiteFideId "24177156"]
[BlackFideId "5008352"]
[EventDate "2018.07.18"]

1. d4 d5 2. c4 c6 3. Nf3 e6 4. Nbd2 Nf6 5. g3 Nbd7 6. Bg2 b6 7. Qc2 Bb7 8. e4
Nxe4 9. Nxe4 dxe4 10. Qxe4 Nf6 11. Qe2 Bb4+ 12. Bd2 Bxd2+ 13. Qxd2 c5 14. O-O
O-O 15. dxc5 bxc5 16. Qxd8 Rfxd8 17. Rfd1 Nd7 18. b3 Kf8 19. Rd2 Bxf3 20. Bxf3
Ne5 21. Bxa8 Rxd2 22. a3 Nd3 23. b4 Rc2 24. Be4 Rc3 25. Bxd3 Rxd3 26. bxc5 Ke7
27. Rb1 Rxa3 28. Rb7+ Kf6 29. c6 Ra4 30. c5 Ra5 31. c7 Rxc5 32. Rxa7 g5 33. h3
h5 34. Kg2 Rc3 35. Rb7 Kg6 36. Ra7 f5 37. f4 h4 38. Ra8 Rxc7 39. Rg8+ Kf6 40.
Rxg5 Rc2+ 41. Kg1 Rc3 42. Kf2 Rc2+ 43. Kg1 Rc4 44. Rh5 hxg3 45. Rh4 Rc2 46. Rh6+
Kf7 47. Rh7+ Kg6 48. Rh8 Rf2 49. Rh4 Kf6 50. Kh1 Ke7 51. Kg1 Kd6 52. Kh1 Kd5 53.
Kg1 Ke4 54. Rh6 Kxf4 55. Rxe6 Kf3 56. Ra6 Re2 57. Ra3+ Re3 58. Ra1 f4 59. Rf1+
Ke4 60. Ra1 Re2 61. Ra4+ Kf3 62. Ra3+ Re3 63. Ra1 Rc3 64. Rb1 Rd3 65. Ra1 Rd2
66. Ra3+ Ke4 67. Ra4+ Ke3 68. Ra3+ Rd3 69. Ra1 f3 70. Rf1 Rd2 71. Re1+ Re2 72.
Rf1 Rg2+ 73. Kh1 Rh2+ 74. Kg1 f2+ 0-1

[Event "29th Czech Rapid G1 2018"]
[Site "Pardubice CZE"]
[Date "2018.07.18"]
[Round "2.22"]
[White "Neuman, Petr"]
[Black "Semjonovs, Ilja"]
[Result "1-0"]
[WhiteTitle "GM"]
[WhiteElo "2440"]
[BlackElo "2219"]
[WhiteFideId "305243"]
[BlackFideId "11604263"]
[EventDate "2018.07.18"]

1. e4 c5 2. Nc3 Nc6 3. Bb5 Nd4 4. Bc4 e6 5. Nf3 a6 6. d3 b5 7. Bb3 d6 8. Nxd4
cxd4 9. Ne2 Qb6 10. O-O Ne7 11. Bd2 Nc6 12. f4 Be7 13. Ng3 Bd7 14. f5 O-O-O 15.
a4 b4 16. Nh5 exf5 17. exf5 Ne5 18. Nf4 Bc6 19. Bd5 a5 20. Bxc6 Qxc6 21. c3 dxc3
22. bxc3 bxc3 23. Bxc3 Kd7 24. Rc1 Rc8 25. Kh1 Bf6 26. Qb3 Rb8 27. Qa2 1-0

[Event "29th Czech Rapid G1 2018"]
[Site "Pardubice CZE"]
[Date "2018.07.18"]
[Round "2.23"]
[White "Zpevak, Pavel"]
[Black "Gabr, Mohsen"]
[Result "1-0"]
[WhiteTitle "IM"]
[BlackTitle "FM"]
[WhiteElo "2330"]
[BlackElo "2287"]
[WhiteFideId "300586"]
[BlackFideId "10619593"]
[EventDate "2018.07.18"]

1. d4 Nf6 2. c4 g6 3. Nc3 Bg7 4. Bg5 h6 5. Bh4 d6 6. e3 O-O 7. Nf3 c5 8. Be2 Bg4
9. d5 Na6 10. h3 Bxf3 11. Bxf3 Rb8 12. O-O Nc7 13. Be2 a6 14. a4 b6 15. f4 Qd7
16. e4 Nh7 17. Qd2 Kh8 18. Bd3 Rg8 19. e5 Rbf8 20. Rae1 g5 21. Qc2 f5 22. exf6
Nxf6 23. fxg5 hxg5 24. Bxg5 b5 25. Bf5 Qe8 26. Bg6 Qd7 27. Qf2 Nh7 28. Qh4 Bd4+
29. Kh2 Rxg6 30. Rxf8+ Kg7 31. Rxe7+ Qxe7 32. Bxe7 Nxf8 33. Bxd6 Bf6 34. Qe4 b4
35. Bxf8+ Kxf8 36. Qxg6 Be5+ 37. Kh1 bxc3 38. Qf5+ 1-0

[Event "29th Czech Rapid G1 2018"]
[Site "Pardubice CZE"]
[Date "2018.07.18"]
[Round "2.24"]
[White "Harsha, Bharathakoti"]
[Black "Matviishen, Viktor"]
[Result "1-0"]
[WhiteTitle "IM"]
[BlackTitle "IM"]
[WhiteElo "2465"]
[BlackElo "2423"]
[WhiteFideId "5078776"]
[BlackFideId "14129850"]
[EventDate "2018.07.18"]

1. c4 Nf6 2. Nf3 b6 3. g3 Bb7 4. Bg2 g6 5. O-O Bg7 6. Nc3 O-O 7. Qc2 c5 8. b3 d5
9. cxd5 Nxd5 10. Bb2 Nb4 11. Qb1 Nd7 12. Rd1 Nc6 13. Ne4 Bxb2 14. Qxb2 e5 15.
Nd6 Ba6 16. d3 Qe7 17. Nc4 Rac8 18. a3 Rfd8 19. Rab1 Nd4 20. Rbc1 Bb5 21. b4
cxb4 22. Nxd4 exd4 23. axb4 Nf6 24. Bf3 Bd7 25. Nd2 Bg4 26. Bxg4 Nxg4 27. Nf3
Rxc1 28. Rxc1 Qd6 29. Qa2 Rd7 30. b5 Ne5 31. Ng5 Kg7 32. Ne4 Qb4 33. f4 Ng4 34.
Qc4 Qb2 35. Rc2 Qb1+ 36. Rc1 Qb2 37. Rc2 Qa1+ 38. Rc1 Qa3 39. Qc6 Re7 40. Rb1
Qa2 41. Re1 Re6 42. Qd7 Qb2 43. Ng5 Rf6 44. Qxg4 Qd2 45. Kf1 Rf5 46. Qh4 h6 47.
Nf3 Qe3 48. Qd8 Rxb5 49. Qxd4+ Qxd4 50. Nxd4 Ra5 51. Rc1 Ra4 52. Rc4 Ra2 53. Rc7
Kf6 54. Rb7 g5 55. fxg5+ hxg5 56. Nb5 a6 57. Rxb6+ Ke5 58. Nd6 f5 59. Nf7+ Kd4
60. Nxg5 a5 61. h4 Ke3 62. Re6+ Kd2 63. h5 Ra1+ 64. Kg2 Rb1 65. h6 Rb8 66. h7 a4
67. Nf7 1-0

[Event "29th Czech Rapid G1 2018"]
[Site "Pardubice CZE"]
[Date "2018.07.18"]
[Round "2.26"]
[White "Chekletsov, Egor"]
[Black "Rasik, Vitezslav"]
[Result "0-1"]
[BlackTitle "GM"]
[WhiteElo "2123"]
[BlackElo "2458"]
[WhiteFideId "24175315"]
[BlackFideId "300306"]
[EventDate "2018.07.18"]

1. d4 d6 2. e4 g6 3. Nc3 Bg7 4. Be3 Nf6 5. f3 c6 6. a4 O-O 7. Bd3 Nbd7 8. Nge2
e5 9. Qd2 Re8 10. O-O exd4 11. Nxd4 Ne5 12. Be2 d5 13. Nb3 dxe4 14. Qxd8 Rxd8
15. fxe4 Re8 16. Bg5 Nfd7 17. Rad1 Nf8 18. a5 Ne6 19. Bh4 h6 20. Bg3 Nf8 21. Nc5
Ne6 22. Nb3 Ng5 23. h4 Ne6 24. Kh1 h5 25. Rd6 Nf8 26. a6 b6 27. Bxe5 Bxe5 28.
Rxc6 Bd7 29. Rc4 Bxc3 30. Rxc3 Rxe4 31. Bc4 Rxh4+ 32. Kg1 Be6 33. Nd2 Rd8 34.
Bxe6 Nxe6 35. Nf3 Re4 36. Re1 Rxe1+ 37. Nxe1 Nc5 38. Nd3 Nxa6 39. Ra3 Nc5 40.
Nxc5 bxc5 41. Rxa7 Rd2 42. Rc7 Rxc2 43. b4 c4 44. b5 Rb2 45. Rxc4 Rxb5 46. Kf2
Kg7 47. Kf3 g5 48. g3 Kg6 49. Kf2 f6 50. Kf3 Kf5 51. Ra4 g4+ 52. Kf2 Rb2+ 53.
Ke3 Rg2 54. Ra5+ Kg6 55. Kf4 Rf2+ 56. Ke4 Rf3 0-1

[Event "29th Czech Rapid G1 2018"]
[Site "Pardubice CZE"]
[Date "2018.07.18"]
[Round "2.27"]
[White "Shkuran, Danylo"]
[Black "Tarun, V Kanth"]
[Result "1-0"]
[WhiteTitle "IM"]
[WhiteElo "2381"]
[BlackElo "2086"]
[WhiteFideId "14106248"]
[BlackFideId "25012185"]
[EventDate "2018.07.18"]

1. e4 e6 2. d4 d5 3. Nc3 Bb4 4. Ne2 dxe4 5. a3 Be7 6. Nxe4 Nf6 7. N2c3 Nxe4 8.
Nxe4 Nc6 9. c3 O-O 10. Bc4 b6 11. O-O Bb7 12. Re1 Na5 13. Bd3 Qd5 14. b4 Nc4 15.
f3 Nd6 16. Bf4 Qh5 17. Ng3 Qh4 18. Qd2 Bd5 19. Re5 g6 20. Ne4 Bxe4 21. fxe4 Bd8
22. Rf1 Qe7 23. d5 Qd7 24. dxe6 fxe6 25. Bc4 Re8 26. Bh6 Bf6 27. Rxf6 Qe7 28.
Rfxe6 Nxc4 29. Rxe7 Rxe7 30. Qd5+ 1-0

[Event "29th Czech Rapid G1 2018"]
[Site "Pardubice CZE"]
[Date "2018.07.18"]
[Round "2.28"]
[White "Harshini, A"]
[Black "Gutman, Gennadi"]
[Result "0-1"]
[WhiteTitle "WFM"]
[BlackTitle "GM"]
[WhiteElo "2037"]
[BlackElo "2476"]
[WhiteFideId "25008986"]
[BlackFideId "14102277"]
[EventDate "2018.07.18"]

1. e4 c5 2. Nf3 e6 3. d4 cxd4 4. Nxd4 Nf6 5. Nc3 Nc6 6. Be2 Bb4 7. O-O Bxc3 8.
bxc3 Nxe4 9. Ba3 Nxc3 10. Nxc6 bxc6 11. Qd3 Qa5 12. Bd6 f6 13. Bh5+ Qxh5 14.
Qxc3 Kf7 15. Rfd1 Re8 16. Rab1 Kg8 17. Qa3 a5 18. f3 e5 19. Qc5 Qf7 20. a4 Ba6
21. Bc7 d5 22. Bxa5 Qd7 23. Rb6 Rec8 24. Bb4 h6 25. c4 d4 26. a5 Qe6 27. Rc1 Kh7
28. Bd2 Rc7 29. Qb4 Qf7 30. c5 Bb5 31. Qb1+ Kg8 32. Qf5 Qd7 33. Qxd7 Rxd7 34.
Kf2 Kf7 35. Ra1 Ke6 36. Rc1 Kd5 37. g3 f5 38. f4 e4 39. Bb4 g5 40. fxg5 hxg5 41.
Bd2 e3+ 42. Bxe3 dxe3+ 43. Kxe3 Rxa5 44. Rb8 Ra3+ 45. Kf2 g4 46. Rd1+ Rd3 47.
Rc1 Bc4 48. Rf8 Rf3+ 49. Kg1 Kxc5 50. Ra8 Rd4 51. Rc8 Rfd3 52. Rf8 Rd1+ 53. Rxd1
Rxd1+ 54. Kg2 Rd5 0-1

[Event "29th Czech Rapid G1 2018"]
[Site "Pardubice CZE"]
[Date "2018.07.18"]
[Round "2.29"]
[White "Piscopo, Pierluigi"]
[Black "Jun, Rudolf Jr."]
[Result "1-0"]
[WhiteTitle "IM"]
[WhiteElo "2389"]
[BlackElo "1931"]
[WhiteFideId "809152"]
[BlackFideId "376612"]
[EventDate "2018.07.18"]

1. Nf3 Nf6 2. g3 g6 3. Bg2 Bg7 4. O-O d6 5. d4 O-O 6. a4 Nh5 7. a5 e5 8. dxe5
dxe5 9. Qxd8 Rxd8 10. Bg5 f6 11. Be3 Nc6 12. a6 e4 13. axb7 Bxb7 14. Nfd2 f5 15.
c3 Nf6 16. Nc4 Ng4 17. Bf4 Nge5 18. Nbd2 h6 19. Rfd1 g5 20. Nxe5 Bxe5 21. Be3
Bg7 22. Nb3 Bf8 23. Nc5 Bxc5 24. Bxc5 a6 25. g4 fxg4 26. Bxe4 Na5 27. Bf5 Kf7
28. Bc2 Nc6 29. b4 Rxd1+ 30. Rxd1 Rd8 31. Bb3+ Kf6 32. Rxd8 Nxd8 33. Bd4+ Kf5
34. Bc4 h5 35. Bd3+ Ke6 36. Bg6 h4 37. e4 Nc6 38. Bf5+ Ke7 39. Bh8 a5 40. bxa5
Nxa5 41. e5 Nc4 42. Bf6+ Kf7 43. Bxg4 Bd5 44. f3 Kg6 45. Kf2 c6 46. Ke2 c5 47.
Bd7 Nb6 48. Bh3 Nc4 49. Bg4 Nb6 50. Bd8 Nc4 51. Bc7 Kf7 52. Kd3 Nb2+ 53. Ke2
Bc4+ 54. Kd2 Bd5 55. Bd6 Nc4+ 56. Kd3 Nxd6 57. exd6 Kf6 58. Ke3 Bc6 59. f4 gxf4+
60. Kxf4 Bd5 61. Bc8 Bg2 62. Kg4 1-0

[Event "29th Czech Rapid G1 2018"]
[Site "Pardubice CZE"]
[Date "2018.07.18"]
[Round "2.31"]
[White "Skliarov, Viktor"]
[Black "Rakshitta, Ravi"]
[Result "1/2-1/2"]
[WhiteTitle "IM"]
[WhiteElo "2357"]
[BlackElo "2026"]
[WhiteFideId "14106736"]
[BlackFideId "25073230"]
[EventDate "2018.07.18"]

1. e4 e5 2. Nc3 Nf6 3. Bc4 Nc6 4. d3 Na5 5. Nge2 Bc5 6. Ng3 Nxc4 7. dxc4 d6 8.
h3 Be6 9. Qd3 Qd7 10. Bg5 O-O-O 11. Bxf6 gxf6 12. Nd5 c6 13. c3 cxd5 14. cxd5
Qc7 15. dxe6 fxe6 16. b4 Bb6 17. a4 Qe7 18. a5 Bc7 19. O-O h5 20. Rfd1 h4 21.
Nf1 d5 22. Ne3 dxe4 23. Qxe4 f5 24. Qc4 Kb8 25. Qb5 e4 26. Nc4 Rxd1+ 27. Rxd1
Rd8 28. Rxd8+ Qxd8 29. Ne3 f4 30. Nf1 a6 31. Qe2 Qd3 32. Qxd3 exd3 33. Nd2 Be5
34. Ne4 d2 35. Nxd2 Bxc3 36. Nc4 Bxb4 37. g3 fxg3 38. fxg3 hxg3 39. Kg2 Kc7 40.
h4 Kc6 41. h5 Kd5 42. Nb6+ Ke4 43. h6 Bxa5 44. Na4 Bc7 45. Nc5+ Kf5 46. Nxb7 Kg6
47. Nc5 Kxh6 48. Nxe6 Be5 49. Nc5 a5 50. Kf3 Kg5 51. Ne4+ Kf5 52. Nc5 Bc7 53.
Nb3 a4 54. Nd4+ Kf6 55. Nb5 Bb8 56. Kg2 Ke6 57. Kf3 Kd5 58. Nc3+ Kc4 59. Nxa4
Bc7 60. Nb2+ Kc3 61. Nd1+ Kd2 62. Ne3 Ke1 63. Nf5 1/2-1/2

[Event "29th Czech Rapid G1 2018"]
[Site "Pardubice CZE"]
[Date "2018.07.18"]
[Round "2.32"]
[White "Stocek, Jiri"]
[Black "Krouzel, Jaroslav"]
[Result "1-0"]
[WhiteTitle "GM"]
[BlackTitle "FM"]
[WhiteElo "2586"]
[BlackElo "2079"]
[WhiteFideId "304760"]
[BlackFideId "301566"]
[EventDate "2018.07.18"]

1. e4 e6 2. d4 d5 3. Nc3 Bb4 4. a3 Bxc3+ 5. bxc3 dxe4 6. Qg4 Nf6 7. Qxg7 Rg8 8.
Qh6 Nbd7 9. a4 b6 10. Nh3 Bb7 11. a5 Qe7 12. Bg5 O-O-O 13. axb6 axb6 14. Bb5 Rg6
15. Qh4 Rdg8 16. Be2 e3 17. f3 h6 18. Bxe3 Rxg2 19. Nf4 R2g7 20. Nh5 Rg6 21. Ng3
Qd6 22. Bd3 Bxf3 23. Rf1 Bg2 24. Bxg6 Bxf1 25. Ra8+ Kb7 26. Be4+ 1-0

[Event "29th Czech Rapid G1 2018"]
[Site "Pardubice CZE"]
[Date "2018.07.18"]
[Round "2.34"]
[White "Chrz, Pavel"]
[Black "Zilka, Stepan"]
[Result "0-1"]
[WhiteTitle "CM"]
[BlackTitle "GM"]
[WhiteElo "2032"]
[BlackElo "2517"]
[WhiteFideId "307980"]
[BlackFideId "315303"]
[EventDate "2018.07.18"]

1. Nf3 c5 2. g3 Nc6 3. Bg2 e5 4. d3 d5 5. c4 dxc4 6. Qa4 Bd7 7. Qxc4 Be6 8. Qa4
Qd7 9. Nc3 h6 10. Be3 Nf6 11. Rc1 Rc8 12. Nd2 Nd5 13. Nxd5 Bxd5 14. Bxd5 Qxd5
15. O-O Be7 16. Ne4 b6 17. Rc2 O-O 18. a3 Na5 19. b4 cxb4 20. Rxc8 Rxc8 21. axb4
Nc6 22. Rc1 Bxb4 23. Rxc6 Rxc6 24. Qxb4 a5 25. Qe7 f5 26. Nd2 Rc1+ 27. Nf1 Rxf1+ 0-1

[Event "29th Czech Rapid G1 2018"]
[Site "Pardubice CZE"]
[Date "2018.07.18"]
[Round "2.35"]
[White "Zakhartsov, Viacheslav V."]
[Black "Holy, Filip"]
[Result "1-0"]
[WhiteTitle "GM"]
[WhiteElo "2539"]
[BlackElo "2057"]
[WhiteFideId "4115333"]
[BlackFideId "358762"]
[EventDate "2018.07.18"]

1. d4 d5 2. c4 c6 3. Nc3 Nf6 4. e3 a6 5. Qc2 e6 6. Nf3 Nbd7 7. b3 b6 8. Bd3 Bd6
9. O-O Bb7 10. e4 dxe4 11. Nxe4 Nxe4 12. Bxe4 Qc7 13. Be3 Nf6 14. c5 Nxe4 15.
Qxe4 Be7 16. Qg4 O-O 17. Bh6 Bf6 18. Bf4 Qd8 19. Bd6 Re8 20. Rad1 a5 21. Rfe1 a4
22. b4 Ba6 23. Ne5 Bb5 24. a3 Ra7 25. Qe4 Be7 26. Bxe7 Qxe7 27. Nxc6 Bxc6 28.
Qxc6 Rb8 29. cxb6 Ra6 30. d5 Rbxb6 31. Qc8+ Qf8 32. Qxf8+ Kxf8 33. dxe6 fxe6 34.
Rd7 Rd6 35. Rxd6 Rxd6 36. Kf1 Kf7 37. Ke2 Rd5 38. Rc1 Re5+ 39. Kd3 Rh5 40. Rc7+
Kf6 41. h3 Rg5 42. g4 h5 43. f3 Ke5 44. Rc5+ Kf4 45. Rxg5 Kxg5 46. b5 1-0

[Event "29th Czech Rapid G1 2018"]
[Site "Pardubice CZE"]
[Date "2018.07.18"]
[Round "2.37"]
[White "Kukelko, Alexey"]
[Black "Potapov, Alexander1"]
[Result "1/2-1/2"]
[BlackTitle "GM"]
[WhiteElo "2196"]
[BlackElo "2404"]
[WhiteFideId "14153084"]
[BlackFideId "4115074"]
[EventDate "2018.07.18"]

1. e4 e5 2. Nf3 Nc6 3. Nc3 Nf6 4. Be2 Bc5 5. Nxe5 Nxe5 6. d4 Bb4 7. dxe5 Nxe4 8.
Qd4 Bxc3+ 9. bxc3 Ng5 10. Ba3 Ne6 11. Qe4 Qg5 12. O-O Qf4 13. Qd5 Qa4 14. Qb3
Qxb3 15. axb3 b6 16. Bf3 Rb8 17. b4 Ba6 18. Rfe1 Bc4 19. Bc1 a6 20. g3 O-O 21.
Rd1 Rfd8 22. Be3 Kf8 23. Be4 h6 24. f4 d5 25. exd6 Rxd6 26. Rxd6 cxd6 27. Bd3
Rc8 28. Bxc4 Rxc4 29. Bd2 Nc7 30. Kf2 Ke7 31. Ke3 Kd7 32. Kd3 b5 33. Be3 h5 34.
Bd4 g6 35. h3 Rc6 36. g4 hxg4 37. hxg4 Nd5 38. f5 g5 39. Rh1 Nf4+ 40. Ke4 Rc8
41. Rh7 Re8+ 42. Kf3 Ke7 43. Rg7 Rc8 44. f6+ Ke6 45. Rxg5 Nd5 46. Rg7 Nxc3 47.
g5 Nd5 48. g6 Rf8 49. Kg4 Nxf6+ 50. Bxf6 Kxf6 51. Rxf7+ Rxf7 52. gxf7 Kxf7 53.
Kf5 Ke7 54. c3 Kf7 55. Ke4 Ke6 56. Kd4 Ke7 57. Kd5 Kd7 58. Ke4 Kc6 59. Kd4 Kc7
60. Kd5 Kd7 61. Ke4 Kc6 62. Kd4 Kb6 63. Kd5 Kc7 64. Ke4 Kd7 65. Kd5 Kc7 66. Ke4
Kd8 67. Kd5 Kd7 68. Ke4 Ke6 69. Kd4 d5 70. Kd3 Kd7 71. Ke3 Ke7 72. Kd3 Ke6 73.
Ke3 Ke5 74. Kd3 d4 75. cxd4+ Kd5 76. Ke3 Kc4 77. Ke4 a5 78. bxa5 b4 79. a6 b3
80. a7 b2 81. a8=Q b1=Q+ 82. Ke5 Qb5+ 83. d5 Qb2+ 84. Ke6 Qe2+ 85. Kd6 Qh2+ 86.
Kc6 Qh6+ 87. Kc7 Qg7+ 88. Kc6 Qf6+ 89. Kd7 Qf7+ 90. Kd6 Qf6+ 91. Kd7 Qf5+ 92.
Kd6 Qf6+ 93. Kd7 Qf7+ 94. Kd6 Qf6+ 95. Kd7 1/2-1/2